[Event "Bad Woerishofen op 26th"]
[Site "Bad Woerishofen"]
[Date "2010.03.09"]
[Round "4"]
[White "Marotzke, Stefan"]
[Black "Beulertz, Stefan"]
[Result "1-0"]
[WhiteElo "2043"]
[BlackElo "1931"]
[PlyCount "49"]
[EventDate "2010.03.06"]
[EventType "swiss"]
[EventRounds "9"]
[EventCountry "GER"]
[SourceTitle "CBM 135 Extra"]
[Source "ChessBase"]
[SourceDate "2010.05.04"]
[SourceVersion "1"]
[SourceVersionDate "2010.05.04"]
[SourceQuality "1"]

1. d4 e6 2. Nf3 f5 3. g3 b6 4. Bg2 Bb7 5. 0-0 Nf6 6. c4 g6 7. Nc3 d6 8. Qc2 h6 9. Nh4 Bxg2 10. Kxg2 Kf7 11. e4 g5 12. Nf3 fxe4 13. Nxe4 Nxe4 14. Qxe4 Nd7 15. Re1 Qe8 16. Bxg5 Bg7 17. Bh4 Nf6 18. Bxf6 Bxf6 19. Re3 Qd7 20. Rae1 Rae8 21. Nh4 Rhg8 22. Qh7+ Rg7 23. Qxh6 Bxd4 24. Rf3+ Ke7 25. Nf5+ 1-0

[Event "Bad Woerishofen op 17th"]
[Site "Bad Woerishofen"]
[Date "2001.??.??"]
[Round "6"]
[White "Marotzke, Stefan"]
[Black "Lindenmair, Anton"]
[Result "1/2-1/2"]
[WhiteElo "1761"]
[BlackElo "2105"]
[PlyCount "75"]
[EventDate "2001.03.15"]
[EventType "swiss"]
[EventRounds "9"]
[EventCountry "GER"]
[SourceTitle "CBM 081 Extra"]
[Source "ChessBase"]
[SourceDate "2001.05.06"]
[SourceVersion "1"]
[SourceVersionDate "2001.05.06"]
[SourceQuality "1"]

1. d4 Nf6 2. Bg5 g6 3. Bxf6 exf6 4. Nf3 Bg7 5. c3 0-0 6. e3 d6 7. Be2 Nd7 8. 0-0 f5 9. Nbd2 Nf6 10. Ne1 Re8 11. Nd3 Bd7 12. Rc1 Ne4 13. c4 c6 14. b4 Qe7 15. Re1 Bh6 16. Bf3 g5 17. g3 Rad8 18. Bg2 Qf6 19. a3 Kh8 20. c5 d5 21. Ne5 Qg7 22. Nxd7 Rxd7 23. Nxe4 dxe4 24. Qb3 f4 25. b5 f5 26. bxc6 bxc6 27. Rb1 fxe3 28. fxe3 f4 29. g4 Qf6 30. Rb2 Bg7 31. Rf2 Qe7 32. Kh1 fxe3 33. Rf5 Rf8 34. Rxf8+ Qxf8 35. Qxe3 Rxd4 36. Bxe4 Qxc5 37. Bg2 Qf8 38. Bxc6 1/2-1/2

[Event "Bad Woerishofen op 17th"]
[Site "Bad Woerishofen"]
[Date "2001.??.??"]
[Round "9"]
[White "Probst, Joachim"]
[Black "Marotzke, Stefan"]
[Result "1/2-1/2"]
[WhiteElo "1925"]
[BlackElo "1761"]
[PlyCount "65"]
[EventDate "2001.03.15"]
[EventType "swiss"]
[EventRounds "9"]
[EventCountry "GER"]
[SourceTitle "CBM 081 Extra"]
[Source "ChessBase"]
[SourceDate "2001.05.06"]
[SourceVersion "1"]
[SourceVersionDate "2001.05.06"]
[SourceQuality "1"]

1. e4 d5 2. exd5 Nf6 3. Bb5+ Bd7 4. Bc4 Bg4 5. f3 Bf5 6. Nc3 Nbd7 7. d4 Nb6 8. Bb3 Nbxd5 9. Nxd5 Nxd5 10. Bd2 e6 11. g3 Be7 12. Ne2 0-0 13. 0-0 h6 14. a3 Re8 15. c4 Nb6 16. Be3 Bf6 17. Qd2 c6 18. Rad1 Qc7 19. g4 Bh7 20. g5 hxg5 21. Bxg5 Qe7 22. Bxf6 Qxf6 23. f4 Rad8 24. Qe3 Nc8 25. Rd2 Ne7 26. Ng3 Nf5 27. Nxf5 Bxf5 28. Bd1 g6 29. Bf3 Re7 30. b4 Red7 31. Rfd1 Qh4 32. Rg2 Qf6 33. Rgd2 1/2-1/2

[Event "Bad Woerishofen op 17th"]
[Site "Bad Woerishofen"]
[Date "2001.??.??"]
[Round "5"]
[White "Schmitzer, Peter"]
[Black "Marotzke, Stefan"]
[Result "1/2-1/2"]
[WhiteElo "2118"]
[BlackElo "1761"]
[PlyCount "92"]
[EventDate "2001.03.15"]
[EventType "swiss"]
[EventRounds "9"]
[EventCountry "GER"]
[SourceTitle "CBM 081 Extra"]
[Source "ChessBase"]
[SourceDate "2001.05.06"]
[SourceVersion "1"]
[SourceVersionDate "2001.05.06"]
[SourceQuality "1"]

1. d4 d5 2. Nf3 Nf6 3. c4 e6 4. Nc3 Be7 5. e3 0-0 6. Bd3 dxc4 7. Bxc4 c5 8. 0-0 a6 9. a4 b6 10. b3 Bb7 11. Bb2 Nc6 12. d5 exd5 13. Nxd5 Nxd5 14. Bxd5 Na5 15. Bxb7 Nxb7 16. Qc2 Bf6 17. Rad1 Qe7 18. Bxf6 Qxf6 19. Rd7 Na5 20. Rfd1 Rab8 21. Qd3 g6 22. h4 Qe6 23. Rd5 Rfe8 24. Ng5 Qg4 25. h5 Nc6 26. f3 Qh4 27. hxg6 hxg6 28. Qc3 Ne7 29. Qf6 Nxd5 30. Qxf7+ Kh8 31. Qxg6 Re7 32. Rxd5 Rg7 33. Qf5 Qe1+ 34. Kh2 Qh4+ 35. Nh3 Rbg8 36. Qh5+ Qxh5 37. Rxh5+ Rh7 38. Rxh7+ Kxh7 39. g4 b5 40. axb5 axb5 41. Nf4 c4 42. bxc4 bxc4 43. Nd5 Rd8 44. e4 Rc8 45. Nc3 Rd8 46. Nd5 Rc8 1/2-1/2

[Event "Bad Woerishofen op 16th"]
[Site "Bad Woerishofen"]
[Date "2000.03.25"]
[Round "9"]
[White "Porubszki, Georg"]
[Black "Marotzke, Stefan"]
[Result "0-1"]
[WhiteElo "2003"]
[BlackElo "1670"]
[PlyCount "61"]
[EventDate "2000.03.??"]
[EventType "swiss"]
[EventRounds "9"]
[EventCountry "GER"]
[SourceTitle "CBM 075 Extra"]
[Source "ChessBase"]
[SourceDate "2000.05.11"]
[SourceVersion "2"]
[SourceVersionDate "2000.05.11"]
[SourceQuality "1"]

1. e4 d5 2. exd5 Nf6 3. d4 Nxd5 4. c4 Nb6 5. Nf3 g6 6. h3 Bg7 7. Nc3 0-0 8. Be3 Nc6 9. d5 Ne5 10. Nxe5 Bxe5 11. Bd4 Bxd4 12. Qxd4 c6 13. 0-0-0 cxd5 14. c5 Nd7 15. Qxd5 Qc7 16. Qd4 Qxc5 17. Qxc5 Nxc5 18. Bc4 Bf5 19. Rhe1 Rac8 20. g4 Be6 21. Bxe6 fxe6 22. Re2 Rf3 23. Kb1 Rxh3 24. Nb5 a6 25. Nd4 Rd3 26. Rxd3 Nxd3 27. a3 Rc1+ 28. Ka2 Rf1 29. Nb3 Rxf2 30. Rxe6 Rxb2+ 31. Ka1 0-1

[Event "Bad Woerishofen op 16th"]
[Site "Bad Woerishofen"]
[Date "2000.03.18"]
[Round "2"]
[White "Marotzke, Stefan"]
[Black "Schoettker, Jochen"]
[Result "0-1"]
[WhiteElo "1670"]
[BlackElo "1935"]
[PlyCount "78"]
[EventDate "2000.03.??"]
[EventType "swiss"]
[EventRounds "9"]
[EventCountry "GER"]
[SourceTitle "CBM 075 Extra"]
[Source "ChessBase"]
[SourceDate "2000.05.11"]
[SourceVersion "2"]
[SourceVersionDate "2000.05.11"]
[SourceQuality "1"]

1. d4 d5 2. c4 e6 3. Nc3 c6 4. Nf3 dxc4 5. a4 Bb4 6. e3 b5 7. Bd2 a5 8. axb5 Bxc3 9. Bxc3 cxb5 10. b3 Bb7 11. bxc4 b4 12. Bb2 Nf6 13. Bd3 Nbd7 14. 0-0 0-0 15. Qc2 Bxf3 16. gxf3 Qc7 17. Kh1 e5 18. Rg1 Rfc8 19. Rg3 g6 20. Rag1 Nf8 21. dxe5 Ne8 22. h4 Qe7 23. h5 Ra6 24. hxg6 fxg6 25. Be4 Ng7 26. Bd5+ Kh8 27. Qe4 Rc7 28. Kg2 a4 29. Rh1 a3 30. Bd4 b3 31. e6 Kg8 32. f4 Rxe6 33. f5 gxf5 34. Qxf5 Qf7 35. Bxe6 Qxe6 36. Qxe6+ Nfxe6 37. c5 b2 38. Kf3 Nxd4+ 39. exd4 a2 0-1

[Event "Bad Woerishofen op 16th"]
[Site "Bad Woerishofen"]
[Date "2000.03.17"]
[Round "1"]
[White "Teich, Udo"]
[Black "Marotzke, Stefan"]
[Result "1-0"]
[WhiteElo "2146"]
[BlackElo "1670"]
[PlyCount "93"]
[EventDate "2000.03.??"]
[EventType "swiss"]
[EventRounds "9"]
[EventCountry "GER"]
[SourceTitle "CBM 075 Extra"]
[Source "ChessBase"]
[SourceDate "2000.05.11"]
[SourceVersion "2"]
[SourceVersionDate "2000.05.11"]
[SourceQuality "1"]

1. d4 d5 2. Nf3 Nf6 3. c4 e6 4. Nc3 Be7 5. g3 0-0 6. Bg2 c5 7. dxc5 Bxc5 8. 0-0 dxc4 9. Qa4 Nc6 10. Qxc4 Qe7 11. Bg5 Rd8 12. Ne4 Bd4 13. Nxd4 Nxd4 14. e3 b5 15. Qc5 Qxc5 16. Nxc5 Ne2+ 17. Kh1 Rb8 18. Rad1 Rxd1 19. Rxd1 Nd5 20. e4 h6 21. exd5 hxg5 22. Rd2 Nc1 23. d6 Nxa2 24. d7 Bxd7 25. Nxd7 Rc8 26. Bf1 a6 27. Be2 Nb4 28. Bf3 Rc1+ 29. Kg2 Rc4 30. Ne5 Rc5 31. Rd8+ Kh7 32. Nxf7 Kg6 33. Rd7 Kf6 34. Nd6 Ke5 35. Ne4 Rc2 36. Rxg7 Rxb2 37. Rxg5+ Kd4 38. h4 Nd3 39. Kh3 Nxf2+ 40. Nxf2 Rxf2 41. Bb7 e5 42. Bxa6 b4 43. Rg4+ e4 44. Bb7 Re2 45. h5 b3 46. h6 Re1 47. Bxe4 1-0